000 00305nam a22001337a 4500
008 170322b xxu||||| |||| 00| 0 eng d
020 _a9783805586535
041 _aeng
080 _a616.8
100 _a7
101 _aSHM
245 _aNOONAN SYNDROME AND RELATED DISORDER
_cZENKER.M
942 _2udc
_cBK
999 _c8365
_d8365